|
|
|
|
| LEADER |
00000nam a22000007a 4500 |
| 005 |
2022062105395.0 |
| 007 |
cr|||| |||| |
| 008 |
220621s2021 es |||||s|||| 00||0 spa d |
| 020 |
|
|
|a 978-84-1122-019-4
|
| 035 |
|
|
|a 36143
|
| 040 |
|
|
|a vLex
|
| 090 |
|
|
|c 13448
|d 13448
|
| 100 |
1 |
|
|a de las Heras Garca̕, Manuel ℓngel
|
| 245 |
1 |
2 |
|a El derecho civil ante los nuevos retos planteados por las tčnicas de reproduccin̤ asistida
|h [Recurso electrn̤ico] /
|c Virginia Mr︢tula Lafuente, Manuel ℓngel de las Heras Garca̕, Juan Antonio Moreno Martn̕ez, Pedro F. J. Femena̕ Lp̤ez, Yolanda Bustos Moreno, Esther Algarra Prats, Ana Da̕z Martn̕ez
|
| 256 |
|
|
|a Servicio en ln̕ea
|
| 260 |
|
|
|a Madrid:
|b Dykinson,
|c 2021
|
| 300 |
|
|
|a 1 recurso electrn̤ico
|
| 506 |
1 |
|
|a Disponible solo en los productos indicados
|d vLex Global
|d vLex Global (Academic Edition, excluding Law Schools)
|d vLex Global (U.S. Academic Edition, Law Schools)
|d vLex Global (U.S. Academic Edition, excluding Law Schools)
|d vLex Global (Academic Edition, Law Schools)
|
| 650 |
0 |
4 |
|a Derecho Civil
|z Espaą
|
| 700 |
1 |
|
|a de las Heras Garca̕, Manuel ℓngel
|
| 700 |
1 |
|
|a Moreno Martn̕ez, Juan Antonio
|
| 700 |
1 |
|
|a J. Femena̕ Lp̤ez, Pedro F.
|
| 700 |
1 |
|
|a Bustos Moreno, Yolanda
|
| 700 |
1 |
|
|a Algarra Prats, Esther
|
| 700 |
1 |
|
|a Da̕z Martn̕ez, Ana
|
| 740 |
0 |
|
|a vLex Libros (Servicio en ln̕ea)
|
| 856 |
4 |
0 |
|u https://app.vlex.com/#/sources/36143
|z Acceso restringido
|
| 942 |
|
|
|c BOOK
|
| 999 |
0 |
|
|a Civil Law
|